Normal view
MARC view
Entry Personal Name
001 - CONTROL NUMBER
- control field: 35282
003 - CONTROL NUMBER IDENTIFIER
- control field: OSt
005 - DATE AND TIME OF LATEST TRANSACTION
- control field: 20160129124747.0
008 - FIXED-LENGTH DATA ELEMENTS
- fixed length control field: 160129|| aca||aabn | a|a d
040 ## - CATALOGING SOURCE
- Original cataloging agency: OSt
- Transcribing agency: OSt
100 ## - HEADING--PERSONAL NAME
- Personal name: Singh, Rashmi Uday
670 ## - SOURCE DATA FOUND
- Source citation: Work cat.: (OSt)31705: Singh, Rashmi Uday, The Oberoi Penguin Celebrity Cookbook, 1999









